000 00730nas a2200241 4500
001 BR7600215
003 BR-BrBNA
005 20231205082856.0
007 ta
008 230509b bl.|||p| |||| 00| 00por d
040 _aBR-BrBNA
_bpor
_cBiblioteca Nacional de Agricultura
041 _a(Pt)
072 _aK10
100 1 _aAlbrechtsen, E.
245 1 _aUm exemplo pratico de ensaios de especies na regiao Bragantina (Parte baixa da Amazonia brasileira [Para]
650 _aBACURI
650 _aJENIPAPO
650 _aREFLORESTAMENTO
650 _aPARA
773 0 _tBrasil Florestal (Brazil)
_xISSN 0045-270X
_g(Jan 1975), v. 6(21) p. 12-19
_wBR7600215
909 _a202311
_bLúcia
_c55
_dLúcia Elande
942 _2AGRIS
_n0
_cANA
999 _c94779
_d94779